00932nam a22002537a 45000010005000000030006000050050017000110080041000280200018000690400029000870500013001160820008001291000023001372450033001602600038001933000049002315050008002805200257002885210029005455210020005746500028005946500025006227000031006475409FISKH20241203152424.0241203b cb ||||| |||| 00| 0 eng d a9780545264150 aFISKHbengcFISKHdFISKH aPZ7.M992 a813 aMyers, Walter Dean aRiot /cby Walter Dean Myers aNew York : bScholastic ;c2009.  a164 pages : billustrations , map ;c20 cm . aV  aIn 1863, fifteen-year-old Claire, the daughter of an Irish mother and a black father, faces ugly truths and great danger when Irish immigrants, enraged by the Civil War and a federal draft, lash out against blacks and wealthy "swells" of New York City.8 a850 bLexile estimate 8 aV bRaz-Plus  arace relationsvFiction ayoung adultvFiction aNagin, Michael edesigner